Statistics for Choose the World's 10 Largest Islands

Click here to take the quiz!

General Stats

  • This quiz has been taken 18 times
  • The average score is 17 of 20

Answer Stats

Question Tile Select? % Correct
islands in the worldNorth
100%
islands in the worldMindanao
100%
islands in the worldSouth
93%
islands in the worldIreland
93%
islands in the worldNew Guinea
93%
islands in the worldCuba
93%
islands in the worldMadagascar
93%
islands in the worldEllesmere
87%
islands in the worldBorneo
87%
islands in the worldGreenland
87%
islands in the worldNewfoundland
80%
islands in the worldIceland
80%
islands in the worldBaffin
80%
islands in the worldLuzon
80%
islands in the worldSumatra
80%
islands in the worldSulawesi
80%
islands in the worldVictoria
73%
islands in the worldGreat Britain
73%
islands in the worldJava
73%
islands in the worldHonshu
60%

Score Distribution

Percentile by Number Answered

Percent of People with Each Score

Your Score History

You have not taken this quiz